All Dimension 20 Episodes - Statistics

General Stats
  • This quiz has been taken 18 times
  • The average score is 39 of 246
Answer Stats
Episode Number Name % Correct
ASO 13 Battle of the Brands
75%
FH 1 The Beginning Begins
75%
ACOFAF 10 You Will Never Know a Lonely Day Again
75%
NSBU 1 Be Kind, Rewind
63%
FH 16 Prompocalypse
63%
FH 17 Prompocalypse Pt. 2
63%
TUC 1 Start Spreading the News
63%
FH 2 Clash of the Corn Cuties
50%
BE 9 Human
50%
BE 6 Reactor Charlie
50%
FHJY 15 The Last Stand
50%
BE 1 The Red Warren
50%
Neverafter 1 The Times of Shadow
50%
ACOFAF 1 A Bloom to Remember
38%
NSBU 2 And That's Whirred Up
38%
Neverafter 11 Big and Bad
38%
FHSY 9 Fallinel
38%
ACOC 17 For Candia! (Part 2)
38%
TS 10 I Fucking Love You
38%
BE 4 Last Bast
38%
Neverafter 2 Mirror, Mirror
38%
Neverafter 4 Once Upon a Time
38%
FHJY 19 Ragenarok (Part 1)
38%
FHJY 20 Ragenarok (Part 2)
38%
FHSY 19 Spring Break! I Believe In You! (Part 1)
38%
FHSY 20 Spring Break! I Believe In You! (Part 2)
38%
NSBU 10 Superbomb
38%
ACOFAF 9 Theater of War
38%
Mentopolis 1 The Big Guy
38%
Neverafter 19 The Ending of All Things (Part 1)
38%
Neverafter 20 The Ending of All Things (Part 2)
38%
TRW 6 The Heart of the World
38%
FHJY 17 The Name
38%
Neverafter 18 The Trials of Baba Yaga
38%
NSBU 8 The Wings that Flap in the Night
38%
NSBU 4 Under the Night Sun
38%
TUC 7 We Need to Talk About Pete
38%
ACOC 2 Ambush On the Sucrosi Road
25%
BE 3 A Second Sun
25%
ASO 9 Baustin Skiffy Limits
25%
Mentopolis 6 Case Closed
25%
ACOC 6 Chaos in the Cathedral
25%
NSBU 7 Dang Dang Revolution
25%
Neverafter 14 Daughters of the Crown
25%
ACOC 8 Deep Bleu Sea
25%
Neverafter 5 Down Came the Rain
25%
CR 1 Down for the Count
25%
BE 10 Evolution and Revolution
25%
MisMag 3 Family On Six
25%
Mentopolis 3 F For Freezer
25%
BE 8 Five
25%
ACOC 16 For Candia! (Part 1)
25%
ASO 16 Jailbreak!
25%
ACOC 3 Keep Sharp
25%
ACOC 5 Lapin's Big Day
25%
FHSY 5 Leviathan Rock City
25%
FHJY 5 Mall Madness
25%
MisMag Holiday Special Misfits & Magic Holiday Special
25%
Neverafter 3 No Place For a Prince or Princess
25%
Neverafter 9 Origins
25%
TS 1 Party of Seven
25%
TS 5 Reflections
25%
ASO 2 Rolling Up the Hill
25%
ACOC 9 Safe Harbor
25%
FHSY 1 Sophomores Start
25%
FHJY 1 Summer Scaries
25%
Neverafter 13 Terror on Toy Island
25%
Neverafter 10 The Baron of Bricks
25%
FHSY 10 The Dangerous Mind of Aelwyn Abernant
25%
NSBU 3 The Deluxe Royale
25%
BE 7 The First Stoats
25%
FHSY 17 The Forest of the Nightmare King
25%
ACOFAF 2 The Great Hart Hunt
25%
Neverafter 17 The Last Wish
25%
ACOC 1 There Is Strength in Sweetness
25%
TUC 16 Times Squaremageddon
25%
TUC 17 Times Squaremageddon Pt. 2
25%
Neverafter 7 Trouble in Tuffeton
25%
TUC II 17 Two Sides of the Same Coin (Part 1)
25%
TUC II 18 Two Sides of the Same Coin (Part 2)
25%
FHJY 4 Under Pressure
25%
FHJY 9 Vulture Clash
25%
EFTB 1 Welcome to the Dark Side
25%
ASO 1 Welcome to the Spacin' Life, Buddy
25%
TUC II 4 We Need To Talk About Cody
25%
TRW 3 Yonder Where the Fruit Do Be Lyin'
25%
FH 3 After the Afterlife
13%
EFTB 4 Airship Ambush
13%
TS 8 And Another Thing
13%
M&M 2 A Scandal in Britannia
13%
FHJY 11 A Very Merry Moonar Yulenear
13%
Neverafter 12 A Warm Heart and a Tombstone
13%
FHJY 12 Baron's Game
13%
FH 10 Battle of the Bloodrush Brethren
13%
BE 2 Bearing the Scars
13%
TS 6 Belles of the Baronies
13%
TS 3 Big City Connections
13%
FHSY 15 Blast From the Passed
13%
TS 7 Bloppelganger Blitz
13%
FH 6 Brawl at the Black Pit
13%
TH 2 Chicanery at Shoeby's Casino
13%
TUC II 6 Collaborators
13%
FHSY 12 Crustaceans & Crushes
13%
FHSY 14 Daddies & Demons
13%
FH 9 Dishing with a Demon
13%
NSBU 5 Double Death Doggy Style
13%
CR 5 Drac's Moved-In Castle
13%
Mentopolis 5 Emergency Powers
13%
ACOC 7 Escape From the Bulb Creeps
13%
FH 15 Family in Flames
13%
FHSY 18 Fearful Symmetry
13%
CR 6 Feed the Beast
13%
FH 13 First Kisses and Last Words
13%
FHJY 8 Fracas at the Frostyfaire Folk Festival
13%
ASO 12 Go Big or Go Home
13%
FH 7 Graveyard of Good and Evil
13%
FHSY 3 Havoc at the Hotel Cavalier
13%
FHSY 4 Heartache On the Celestine Sea
13%
FHSY 13 Hellbound
13%
POL 4 I'm Worth This
13%
FHJY 13 Infernal Conflict
13%
TS 2 In or Out
13%
D&DQ 4 In the Heart of Death
13%
Neverafter 16 In the Land of Giants
13%
POL 3 Into The Sternwood
13%
Neverafter 15 Leap of Faith
13%
NSBU 6 Meet the Santangelos
13%
FHSY 2 Mirror Madness
13%
TUC 2 Mutant Santa Melee
13%
FHSY 16 My Green Heaven
13%
ACOFAF 6 Of One Mind
13%
ASO 6 On The Run in the Martini Nebula
13%
M&M 8 Outfoxed
13%
FHJY 6 Party Politics
13%
FHSY 6 Pirate Brawl
13%
D&DQ 1 Queens on a Quest
13%
ACOC 12 Rescue at Buzzybrook
13%
FHJY 18 Rock the Boat
13%
POL 5 Scramble to the Ramble
13%
ACOFAF 4 Seaside Teatime
13%
TUC 14 Showdown at the Stock Exchange
13%
FHJY 7 Stress Tested
13%
TUC 8 Subway Skirmish
13%
FHJY 2 Summer Breakdown
13%
M&M 9 The Belly of the Beast
13%
SW 1 The Club Fair
13%
Neverafter 6 The Curdled Web
13%
POL 2 The Daughter of Storms
13%
TUC II 1 The Fall of New York City
13%
FHSY 7 The Friendship Section
13%
ACOC 4 The Grand Tournament
13%
TH 6 The Great Chase
13%
ASO 14 The House Always Wins
13%
Neverafter 8 The Lines Between
13%
ASO 17 The Luckless, the Abandoned, and the Forsaked (Part 1)
13%
ASO 18 The Luckless, the Abandoned, and the Forsaked (Part 2)
13%
ACOFAF 7 The Masquerade Ball
13%
FHSY 8 The Row and the Ruction
13%
ACOFAF 8 The Rule of Sneakery
13%
M&M 4 The Stabber of the Evening
13%
TUC 6 The War of Bugs and Rats
13%
FHJY 16 Untapped Rage
13%
SW 4 Van Helsing's Party
13%
ASO 8 Wallops at Swallop's
13%
NSBU 9 Without Our Siblings
13%
ASO 3 Wrecked on Rec 97
13%
POL 1 A Heaping Helping of Trouble
0%
ASO 5 All In the Hot Exit
0%
TUC 5 A New York Wedding
0%
FH 14 Arcade Ambush
0%
M&M 3 A Time For Clues
0%
CR 2 Attacks on the Tracks
0%
ACOC 11 At the Mountains of Sweetness
0%
TH 1 Big Little Crimes
0%
ACOC 10 Blood & Bread
0%
EFTB 5 Bloodlines and Lifelines
0%
TRW 2 Bloody Harvest
0%
TUC 9 Borough of Dreams
0%
TH 4 Breaking and Entering
0%
TUC 12 Broadway Brawl
0%
M&M 6 Busted
0%
MisMag 2 Class Conflict
0%
FH 11 Cool Kids, Cold Case
0%
FHJY 10 Cursed Out
0%
FHJY 14 Dawn of Justice
0%
ACOFAF 3 Duel on the Southern Lawn
0%
ASO 7 Dying Tomorrow, It's a Pleasure
0%
ACOC 14 Encounter in the Ice Cream Temple
0%
ASO 4 Every Day is Our Wurst Day
0%
ASO 15 Face to Face
0%
TUC 13 Faeries and Feces
0%
ACOC 13 Family Ties
0%
TUC II 8 Feasts & Families
0%
TUC II 9 Fight at the Museum
0%
TH 5 Fighting with Fire
0%
ASO 11 Flee From Fantanimalland
0%
TUC II 15 For the Hoard!
0%
Mentopolis 4 Grappling With Death
0%
TUC 15 Hall of Heroes
0%
FH 8 Havoc on the Half-Pipe
0%
TUC II 2 Heaven and Hell On Earth
0%
TUC II 14 History Checks and Lost Dex
0%
TUC 11 Home for the Holidays
0%
ASO 10 It's a Griivarr World After All
0%
M&M 1 It Was a Dark and Stormy Night
0%
M&M 7 I've Been Here the Whole Time
0%
TUC II 11 Let's Get Tiny
0%
CR 3 Let's Kill Everybody
0%
FHJY 3 Not All Who Wanda Are Lost
0%
TUC II 10 Nulla Dies Umquam Memori Vos Eximet Aevo
0%
TUC II 13 Of Rats & Dragons
0%
TUC 10 Panic at the Art Show
0%
TUC II 7 Parade of Peril
0%
SW 3 Parents' Weekend
0%
TUC 3 Pigeon Plus Ones
0%
BE 5 Protect the Light
0%
SW 2 Quandary on the Quad
0%
FHSY 11 Revelations & Revivifications
0%
FH 4 Rumble Road
0%
TH 3 Scheming and Scoring Fairy Dust
0%
TUC 4 Scramble in the Sewers
0%
TS 4 Stone Temple Pile-Up
0%
TUC II 12 The Battle of the Hot Dog Cart
0%
EFTB 3 The Caged Elf and the Crown
0%
MisMag 1 The Chosen Ones
0%
M&M 5 The Eye of the Storm
0%
POL 6 The Horizon Beyond the Squall
0%
TRW 4 The Light and the Shadow
0%
TUC II 3 The Mystery of the Haunted Subway
0%
FH 5 The Pixie and the Palimpsest
0%
Mentopolis 2 The Scattered Mind
0%
TRW 1 The Seeds of Conflict
0%
TRW 5 The Seventh Kingdom
0%
FH 12 The Sisterly Showdown
0%
D&DQ 3 The Time Has Come
0%
EFTB 6 The Tomb of Ultimate Evil
0%
ACOC 15 The Two Balls
0%
ACOFAF 5 Through The Hedge Maze
0%
TS 9 Time and Space
0%
TUC II 16 Treachery At Gramercy
0%
TUC II 5 Trouble at the Tunnel
0%
M&M 10 Unfinished Business
0%
EFTB 2 Volcano of Violence
0%
CR 4 Waylaid by Werewolves
0%
D&DQ 2 Welcome to the Underworld
0%
MisMag 4 We're the Heroes
0%
No matching quizzes found
Score Distribution
Percent of People with Each Score
Percentile by Number Answered
Your Score History
You have not taken this quiz